Dilemas de la cultura: antropología, literatura y arte en la perspectiva posmoderna
Saved in:
| Hovedforfatter: | |
|---|---|
| Format: | Bog |
| Sprog: | spansk |
| Udgivet: |
Barcelona
Gedisa
2001
|
| Serier: | Serie CLA DE MA Antropología y Etnografía
|
| Fag: | |
| Tags: |
Tilføj Tag
Ingen Tags, Vær først til at tagge denne postø!
|
MARC
| LEADER | 00000nam a2200000 a 4500 | ||
|---|---|---|---|
| 001 | UCP1512 | ||
| 003 | CL-VaPUC | ||
| 008 | 990416e20010000SP |||||||||||||||||spa|d | ||
| 020 | |a 8474325544 | ||
| 082 | 0 | 4 | |a 301 |b CLI |2 21 |
| 100 | 0 | |a Clifford, James |e author |9 427580 | |
| 245 | 1 | 0 | |a Dilemas de la cultura: antropología, literatura y arte en la perspectiva posmoderna |
| 300 | |a 429 p | ||
| 942 | |c BK | ||
| 945 | |d 19990416 00:00:00 |a rbrito | ||
| 260 | |a Barcelona |b Gedisa |c 2001 | ||
| 650 | 0 | |a Antropología |9 233030 | |
| 650 | 0 | |a Etnografía |9 309735 | |
| 650 | 0 | |a Surrealismo |9 265502 | |
| 650 | 0 | |a Cultura |9 269059 | |
| 650 | 0 | |a Literatura |9 259151 | |
| 650 | 0 | |a Arte |9 265238 | |
| 583 | |a last modification |c 20160907 04:13:07 |k Rodrigo Vera | ||
| 490 | 0 | |a Serie CLA DE MA Antropología y Etnografía | |
| 999 | |c 280182 |d 280180 | ||
| 952 | |0 0 |1 0 |4 0 |6 301_000000000000000_CLI_2001 |7 0 |8 A |9 320371 |a BIBCUR |b BIBCUR |d 2019-11-20 |i 3517020 |o 301 CLI 2001 |p 3517020 |r 2025-04-22 |w 2019-11-20 |y BK |k PER | ||
| 952 | |0 0 |1 0 |4 0 |6 301_000000000000000_CLI_2001 |7 0 |8 A |9 320372 |a BIBEDU |b BIBEDU |d 2019-11-20 |i 429145K |o 301 CLI 2001 |p 429145K |r 2019-11-20 |w 2019-11-20 |y BK |k EDI | ||
| 952 | |0 0 |1 0 |4 0 |6 301_000000000000000_CLI_2001 |7 0 |8 A |9 320373 |a BIBEDU |b BIBEDU |d 2019-11-20 |i 4412141 |l 2 |o 301 CLI 2001 |p 4412141 |r 2024-04-08 |s 2024-04-05 |w 2019-11-20 |y BK |k MUS | ||